| 000 | 00502nam a2200133 a 4500 | ||
|---|---|---|---|
| 001 | 000044977 | ||
| 005 | 20201002045758.0 | ||
| 008 | 150127s1992 dr a 000 0 spa d | ||
| 040 |
_aDO-SdBNP _bspa _cBNPHU |
||
| 100 | 1 |
_aLorenzo, David R. _972991 |
|
| 245 | 1 | 0 |
_aEstudio Socio-economico de los Trabajadores de la Prensa : _bbreve historia del periodismo sindical / _cDavid R. Lorenzo. |
| 260 |
_aSanto Domingo : _bSindicato nacional de trabajadores de la prensa, _c1992. |
||
| 300 |
_a240 p. : _bil. ; _c21 cm. |
||
| 999 |
_c44466 _d44466 |
||